000 00731cab a2200229 4500
001 WB3146-48
008 090401t1995 xxu||||| |||| 00| 0 eng d
035 _a(Sirsi) u45902
041 _aeng
245 _aTaxation of property income of non-residents
260 _c1995
350 _a0
490 _aInland Revenue Press Release
_v1 December 1995, (2)
520 _aThe Inland Revenue has published a new leaflet IR140 "Non-residents landlords, their agents and tenants" explaining new rules on taxing UK property income of non-residents.
650 _aINCOME TAX
650 _aNON-RESIDENTS
650 _aOVERSEAS LANDLORDS
650 _aPROPERTY INCOME
690 _aTAXATION
942 _n0
948 _c04/03/1997
999 _c29040
_d29040